000 00587nam a2200193Ia 4500
005 20250508161820.0
008 008 250505s9999 xx 000 0 eng d
037 _aTextual
040 _aFEDL
_beng
_cFEDL
041 _aeng
_2eng
084 _a523.14, ORD
_qFEDL
100 _aOrdway Frederick I
_9771610
245 0 _aDividends from space
260 _aNew Delhi, India
_bTata McGraw-Hill Publishing Company Limited
_c1971
300 _axi,309p.
700 _a Adams Carsbie C Sharpe Mitchell R
_9771611
942 _cTEXL
_h523.14, ORD
999 _c1372419
_d1372419